| 000 | 00869 a2200265 4500 | ||
|---|---|---|---|
| 003 | Nust | ||
| 005 | 20170207153116.0 | ||
| 010 | _a 2007040689 | ||
| 020 | _a (cloth) | ||
| 020 | _a0471407402(cloth) | ||
| 035 | _a(OCoLC)174040187 | ||
| 035 | _a(OCoLC)ocn174040187 | ||
| 040 | _cNust | ||
| 082 | 0 | 0 | _a621.3192 |
| 100 | 1 | _aIrwin, J. David, | |
| 245 | 1 | 0 |
_aBasic engineering circuit analysis / _cJ. David Irwin , R. Mark Nelms. |
| 250 | _a8th ed. | ||
| 260 |
_aHoboken, NJ : _bJohn Wiley & Sons, _cc2008. |
||
| 300 |
_axx, 844 p. : _bill. (some col.) ; _c29 cm. |
||
| 500 | _aIncludes index. | ||
| 650 | 0 | _aElectric circuit analysis. | |
| 700 | 1 | _aNelms, R. M. | |
| 856 | 4 | 2 |
_3Publisher description _uhttp://www.loc.gov/catdir/enhancements/fy0814/2007040689-d.html |
| 856 | 4 | 2 |
_3Table of contents only _uhttp://www.loc.gov/catdir/enhancements/fy0814/2007040689-t.html |
| 942 |
_2ddc _cBK |
||
| 999 |
_c179267 _d179267 |
||